000 00454nam a2200181Ia 4500
001 20580
005 20260306172816.0
008 260306t2006||||xx |||||||||||||| ||spa||
041 _aESP
082 _a343.4
_bP46
100 _aPérez Tremps, Pablo
_eAUT
245 0 _aLos procesos constitucionales:
_bla experiencia española
260 _c2006
300 _a173 páginas :
_c20 cm.
650 _aGEN
654 _aCDE
942 _cLIB
_dJUS
_fJUS
_2ddc
_n
999 _c20580
_d20580